| 000 | 00674nam a2200229 u 4500 | ||
|---|---|---|---|
| 005 | 20240910063827.0 | ||
| 008 | 120530s2004 r 000 0 eng d | ||
| 020 | _a847702460X | ||
| 035 | _aUPN01000184688 | ||
| 049 | _aCG | ||
| 050 | 4 |
_aPS3533 U3 _bC3.5 |
|
| 100 | 1 |
_aQuinn, Seabury, _d1889-1969 |
|
| 245 | 1 | 4 |
_aLas cámaras del horror de Jules de Grandin / _cSeabury Quinn ; tr. de José Luis Moreno Ruiz. |
| 260 |
_aMadrid : _bValdemar, _c2004. |
||
| 300 | _a271 p. | ||
| 440 | 0 |
_aGótica ; _v52 |
|
| 650 | 4 |
_aCuentos estadounidenses _912811 |
|
| 650 | 4 |
_aCuentos de terror _92404 |
|
| 650 | 0 |
_aLiteratura fantástica _98755 |
|
| 905 | _aLibro | ||
| 999 |
_c156791 _d156791 |
||